Atrévete a soñar / (Registro nro. 37384)
[ vista simple ]
| 000 -CABECERA | |
|---|---|
| Longitud fija campo de control | 01054nam a2200193 4500 |
| 003 - • IDENTIFICADOR DELl NÚMERO DE CONTROL | |
| Identificador del número de control | CO-ViMGA |
| 020 ## - • NÚMERO INTERNACIONAL NORMALIZADO PARA LIBROS | |
| Número Internacional Normalizado para Libros (ISBN) | 9789585491274 |
| 040 ## - FUENTE DE LA CATALOGACIÓN | |
| Centro catalogador de origen | CO-ViMGA |
| Lengua de catalogación | spa |
| Centro transcriptor | CO-ViMGA |
| 082 04 - • NÚMERO DE LA CLASIFICACIÓN DECIMAL DEWEY | |
| Número de clasificación (R) | 808.883 |
| Número del ítem | H557a |
| 100 1# - • PUNTO DE ACCESO PRINCIPAL-NOMBRE DE PERSONA | |
| Nombre de persona | Hernández Riquelme, Ignacia Antonia |
| Fechas asociadas al nombre | 2001- |
| 245 10 - • TITULO PROPIAMENTE DICHO | |
| Título | Atrévete a soñar / |
| Mención de responsabilidad, etc. | Ignacia Antonia ; ilustrado por Crossa Grossa |
| 300 ## - • DESCRIPCIÓN FÍSICA | |
| Extensión | 140 p. : |
| Otras características físicas | il. ; color |
| 520 ## - • NOTA DE RESUMEN | |
| Resumen, etc, | Cuando empecé este diario tenía clara una cosa: iba a contarlo todo. Mis momentos divertidos, pero también los tristes. Lo bueno y lo malo que me pasara. ¡Y así lo hice! Nunca imaginé la cantidad de sorpresas que me tenía preparada la vida. Ahora, después de varias páginas manchadas con lágrimas y con sonrisas, solo puedo estar segura de que ningún sueño es demasiado grande si se lo desea con ganas. Gracias por acompañarme en este camino...tomado de la contraportada del libro |
| 650 14 - • PUNTO DE ACCESO ADICIONAL DE MATERIA - TÉRMINO DE MATERIA | |
| Término de materia o nombre geográfico como elemento inicial | Autobiografia |
| 650 14 - • PUNTO DE ACCESO ADICIONAL DE MATERIA - TÉRMINO DE MATERIA | |
| Término de materia o nombre geográfico como elemento inicial | Diarios íntimos |
| 700 1# - • PUNTO DE ACCESO ADICIONAL - NOMBRE DE PERSONA | |
| Nombre de persona | Grossa, Crossa |
| 942 ## - ENTRADA DE ELEMENTOS AGREGADOS (KOHA) | |
| Fuente de clasificaión o esquema | Dewey Decimal Classification |
| Koha [por defecto] tipo de item | LIbro |
| Perdido | Fuente de clasificación o esquema | Estado Físico | No para préstamo | Forma de adquisición | Localización permanente | Localización actual | Fecha adquisición | Préstamos totales | Signatura completa | Código de barras | Fecha última consulta | Fecha último préstamo | Fecha del precio de reemplazo | Tipo de item de Koha |
|---|---|---|---|---|---|---|---|---|---|---|---|---|---|---|
| Dewey Decimal Classification | Sala General Segundo Piso | Biblioteca Pública Germán Arciniegas - Villavicencio | Biblioteca Pública Germán Arciniegas - Villavicencio | 04/27/2020 | 1 | 808.883 H557a | 33453 | 07/06/2021 | 06/16/2021 | 04/27/2020 | LIbro | |||
| Dewey Decimal Classification | Sala General Segundo Piso | Biblioteca Pública Germán Arciniegas - Villavicencio | Biblioteca Pública Germán Arciniegas - Villavicencio | 04/27/2020 | 808.883 H557a | 33454 | 04/27/2020 | 04/27/2020 | LIbro |